000 005530000a22001930004500
090 _aAR
_b03673
245 1 0 _aBrief note on medicinal plants sector in India
500 _a<Colección Recursos Genéticos>
650 1 4 _aConocimiento tradicional
_992244
650 1 4 _aPlantas medicinales
_993263
650 1 4 _aPatentes
_993660
650 1 4 _aDerechos de propiedad intelectual
_996836
650 1 4 _aEquidad
_93813
651 4 _pIndia
_992749
041 0 _aInglés
100 1 _aRawat, R. B.
_997418
942 _cARTICULO
773 1 _tPreprint
_q1-9
_d2002
999 _c12722
_d12722